William Somerset Maugham : "The English Maupassant" ; an appreciation /

Bibliographic Details
Main Author: MacCarthy, Desmond, 1878-1952
Format: Book
Language:English
Published: [London] : William Heinemann Ltd., 1934.
Subjects:

MARC

Tag First Indicator Second Indicator Subfields
LEADER 00000cam a2200000 i 4500
001 in00000774821
005 20151017064240.0
008 761011s1934 enka 00010 eng d
035 |a (OCoLC)02494603 
035 |9 ADN3892AM 
040 |a KSU  |c KSU  |d m.c.  |d m/c  |d TXA  |d UtOrBLW 
049 1 |a TXA1 [MAUG] 
090 |a PR6025.A86  |b Z7 1934 
100 1 |a MacCarthy, Desmond,  |d 1878-1952. 
245 1 0 |a William Somerset Maugham :  |b "The English Maupassant" ; an appreciation /  |c by Desmond MacCarthy ; with a bibliography. 
264 1 |a [London] :  |b William Heinemann Ltd.,  |c 1934. 
300 |a  [1]-22 pages :  |b illustrations ;  |c 18.3 cm. 
336 |a text  |b txt  |2 rdacontent 
337 |a unmediated  |b n  |2 rdamedia 
338 |a volume  |b nc  |2 rdacarrier 
500 |a Cover title. 
500 |a Reprinted from Nash's Pall Mall magazine, May, 1933. 
600 1 0 |a Maugham, W. Somerset  |q (William Somerset),  |d 1874-1965. 
870 1 9 |j 100/1  |a MacCarthy, Desmond,  |c sir,  |d 1878-1952. 
870 1 9 |j 600/1  |a Maugham, William Somerset,  |d 1874-1965. 
999 |a MARS 
999 f f |s 79abb9f8-24fc-3a26-95c6-ff50978ad9b8  |i 2b8d78b4-f83b-396d-bfc7-0a6c420bfb56  |t 0 
952 f f |p noncirc  |a Texas A&M University  |b College Station  |c Cushing Memorial Library & Archives  |d Cushing: Literature/Maugham (Does not check out)  |t 0  |e PR6025.A86 Z7 1934  |h Library of Congress classification  |i unmediated -- volume 
998 f f |a PR6025.A86 Z7 1934  |t 0  |l Cushing: Literature/Maugham (Does not check out)